Učebná aktivita Skladačka v kooperatívnom vyučovaní

Bibliographic Details
Main Author: Mrázová, Eva (Author)
Format: Article
Language:Slovak
Subjects:

MARC

LEADER 00000nab a2200000 a 4500
001 vtls009310453
003 SK-MaSNL
005 20260304151515.0
008 250506c20072008xo mr|p|||an |000 b|slo
015 |a SNBRB2008/05 
035 |a (uuid)6bfd029f-ccb5-4c56-81e4-93235513ffe8 
035 |a urn:nbn:sk:snk-ab2gx5 
035 |a (urnnbn)urn:nbn:sk:snk:ar-a02eqn 
038 |a SPK 
040 |a SNKBUCL  |b slo  |c SNKBUCL  |e AACR2 
041 0 |a slo  |b slo 
044 |a xo  |c SK 
072 7 |a 371  |x Školstvo (organizácia)  |2 konspekt 
072 7 |a 37  |x Výchova a vzdelávanie  |2 konspekt 
080 |a 371.311.4  |2 1997 
080 |a 372.48  |2 1997 
100 1 |a Mrázová, Eva  |4 aut  |9 580316 
245 1 0 |a Učebná aktivita Skladačka v kooperatívnom vyučovaní  |c Eva Mrázová 
546 |a Res. slov. 
650 0 7 |a kooperatívne učenie  |2 snkbucl  |9 71320 
650 0 7 |a vlastiveda  |2 spk  |9 3887 
773 0 |t Naša škola  |g Roč. 11., č. 9 (2007/2008), s. 49-51 
850 |a Slovenská národná knižnica 
852 |a Slovenská národná knižnica 
954 |a odborná, vedecká literatúra pôvodná (slovenská)  |2 lita 
958 |a article27 
958 |a OND 
958 |a EUIPO 
999 |c 2944059  |d 2945989